[Event "GBR-ch78"]
[Site "Eastbourne"]
[Date "1991.07.30"]
[Round "2.7"]
[White "Hennigan, Michael T"]
[Black "Howell, James C"]
[Result "0-1"]
[WhiteElo "2300"]
[BlackElo "2455"]
[PlyCount "80"]
[EventDate "1991.07.29"]
[EventType "swiss"]
[EventRounds "11"]
[EventCountry "GBR"]
[SourceTitle "EXT 1997"]
[Source "ChessBase"]
[SourceDate "1996.11.15"]
[SourceVersion "1"]
[SourceVersionDate "1996.11.15"]
[SourceQuality "1"]

1. e4 c5 2. Nf3 d6 3. d4 cxd4 4. Nxd4 Nf6 5. Nc3 a6 6. Be3 e6 7. f3 Nc6 8. Qd2
Be7 9. g4 O-O 10. O-O-O Rb8 11. g5 Nd7 12. h4 Nxd4 13. Bxd4 b5 14. Kb1 Nc5 15.
Qg2 b4 16. Ne2 Qc7 17. h5 e5 18. Be3 Be6 19. Nc1 Na4 20. g6 Nxb2 21. gxh7+ Kxh7
22. Rg1 Rg8 23. Kxb2 Qc3+ 24. Kb1 Qxe3 25. Bd3 Kh8 26. Rde1 Qc5 27. Qd2 a5 28.
Rg2 a4 29. Reg1 b3 30. axb3 axb3 31. c4 Bxc4 32. Bxc4 Qxc4 33. Qd5 Qxd5 34.
exd5 Rb5 35. Rd1 Rc8 36. Rd3 Rcc5 37. Rb2 Rxd5 38. Rxd5 Rxd5 39. Rxb3 Bg5 40.
Nd3 Rd4 0-1

[Event "GBR-ch78"]
[Site "Eastbourne"]
[Date "1991.07.30"]
[Round "2.9"]
[White "Lund, D Brett"]
[Black "Emms, John M"]
[Result "0-1"]
[WhiteElo "2290"]
[BlackElo "2425"]
[PlyCount "72"]
[EventDate "1991.07.29"]
[EventType "swiss"]
[EventRounds "11"]
[EventCountry "GBR"]
[SourceTitle "EXT 1997"]
[Source "ChessBase"]
[SourceDate "1996.11.15"]
[SourceVersion "1"]
[SourceVersionDate "1996.11.15"]
[SourceQuality "1"]

1. g3 e5 2. Bg2 d5 3. c3 Nf6 4. d4 Nbd7 5. Bg5 c6 6. Nd2 h6 7. Bxf6 Qxf6 8. e3
Bd6 9. Ne2 O-O 10. O-O exd4 11. cxd4 Qe7 12. Qc2 Nf6 13. a3 Re8 14. Nc3 Bg4 15.
Rae1 Bh5 16. f4 Bc7 17. Na4 Bg6 18. f5 Bh7 19. Nc5 Rab8 20. e4 dxe4 21. Ndxe4
Red8 22. Qf2 Nxe4 23. Rxe4 Qf6 24. g4 g6 25. Kh1 Kh8 26. Qe3 Qh4 27. Bh3 Bd6
28. f6 g5 29. Re7 Bf4 30. Qf3 Rxd4 31. Rfe1 Bg6 32. Nb3 Rd3 33. Re8+ Rxe8 34.
Rxe8+ Kh7 35. Qe2 Qxh3 36. Nc5 Rd1+ 0-1

[Event "GBR-ch78"]
[Site "Eastbourne"]
[Date "1991.07.30"]
[Round "2.10"]
[White "Lalic, Susan"]
[Black "Anagnostopoulos, Dimitrios"]
[Result "1/2-1/2"]
[WhiteElo "2275"]
[BlackElo "2395"]
[PlyCount "62"]
[EventDate "1991.07.29"]
[EventType "swiss"]
[EventRounds "11"]
[EventCountry "GBR"]
[SourceTitle "EXT 1997"]
[Source "ChessBase"]
[SourceDate "1996.11.15"]
[SourceVersion "1"]
[SourceVersionDate "1996.11.15"]
[SourceQuality "1"]

1. e4 d6 2. d4 Nf6 3. Nc3 g6 4. Be2 Bg7 5. Nf3 O-O 6. O-O c6 7. Re1 Qc7 8. Bf4
Nh5 9. Bg5 h6 10. Be3 Nd7 11. Qd2 Kh7 12. a4 e5 13. Bc4 exd4 14. Bxd4 Ne5 15.
Be2 Nf4 16. Rad1 Nxe2+ 17. Qxe2 Be6 18. b3 Qa5 19. h3 Rad8 20. Qe3 Nxf3+ 21.
Qxf3 Be5 22. Qe3 c5 23. Bxe5 dxe5 24. Nd5 f5 25. Qc3 Qxc3 26. Nxc3 f4 27. f3 g5
28. Nd5 Rd7 29. c4 h5 30. Kf2 Kg7 31. a5 Rfd8 1/2-1/2

[Event "GBR-ch78"]
[Site "Eastbourne"]
[Date "1991.07.30"]
[Round "2.11"]
[White "McDonald, Neil R"]
[Black "Rahman, Tahmidur"]
[Result "1-0"]
[WhiteElo "2390"]
[BlackElo "2305"]
[PlyCount "47"]
[EventDate "1991.07.29"]
[EventType "swiss"]
[EventRounds "11"]
[EventCountry "GBR"]
[SourceTitle "EXT 1997"]
[Source "ChessBase"]
[SourceDate "1996.11.15"]
[SourceVersion "1"]
[SourceVersionDate "1996.11.15"]
[SourceQuality "1"]

1. e4 e6 2. d4 d5 3. Nc3 Bb4 4. e5 c5 5. a3 Bxc3+ 6. bxc3 Ne7 7. h4 Bd7 8. h5
h6 9. Qg4 Qa5 10. Bd2 Nbc6 11. Qxg7 O-O-O 12. Rh3 Qa4 13. Ra2 cxd4 14. Ne2 Nf5
15. Qf6 dxc3 16. Nxc3 Qd4 17. Nb5 Qe4+ 18. Re3 Qg4 19. Rf3 Qe4+ 20. Kd1 Qg4 21.
Be2 Qxg2 22. Rxf5 Qh1+ 23. Be1 exf5 24. Qd6 1-0

[Event "GBR-ch78"]
[Site "Eastbourne"]
[Date "1991.07.30"]
[Round "2.13"]
[White "Rosenberg, Daniel"]
[Black "Cooper, John Grantley"]
[Result "1/2-1/2"]
[WhiteElo "2230"]
[BlackElo "2370"]
[PlyCount "90"]
[EventDate "1991.07.29"]
[EventType "swiss"]
[EventRounds "11"]
[EventCountry "GBR"]
[SourceTitle "EXT 1997"]
[Source "ChessBase"]
[SourceDate "1996.11.15"]
[SourceVersion "1"]
[SourceVersionDate "1996.11.15"]
[SourceQuality "1"]

1. d4 Nf6 2. c4 g6 3. Nc3 Bg7 4. e4 d6 5. Nf3 O-O 6. Be2 e5 7. O-O Nc6 8. d5
Ne7 9. Ne1 Nd7 10. Nd3 f5 11. Bd2 fxe4 12. Nxe4 Nf6 13. f3 c6 14. Ndf2 cxd5 15.
Nxf6+ Bxf6 16. cxd5 Nf5 17. g4 Nd4 18. Be3 Bg7 19. Ne4 h5 20. h3 Bd7 21. Kg2
Qa5 22. Bc4 Qb4 23. b3 a5 24. a4 Rac8 25. Qd3 b5 26. axb5 Nxb3 27. Qxb3 Rxc4
28. Qxb4 Rxb4 29. b6 hxg4 30. hxg4 a4 31. Rfb1 Rxb1 32. Rxb1 a3 33. Ra1 Ra8 34.
b7 Rb8 35. Nxd6 e4 36. Rxa3 exf3+ 37. Kf2 Bf8 38. Ba7 Rxb7 39. Nxb7 Bxa3 40.
Kxf3 Bb4 41. Bc5 Bc8 42. Bxb4 Bxb7 43. Ke4 g5 44. Bd2 Bc8 45. Kf3 Bb7 1/2-1/2

[Event "GBR-ch78"]
[Site "Eastbourne"]
[Date "1991.07.30"]
[Round "2.14"]
[White "Basman, Michael J"]
[Black "Summerscale, Aaron"]
[Result "1/2-1/2"]
[WhiteElo "2365"]
[BlackElo "2325"]
[PlyCount "75"]
[EventDate "1991.07.29"]
[EventType "swiss"]
[EventRounds "11"]
[EventCountry "GBR"]
[SourceTitle "EXT 1997"]
[Source "ChessBase"]
[SourceDate "1996.11.15"]
[SourceVersion "1"]
[SourceVersionDate "1996.11.15"]
[SourceQuality "1"]

1. h3 d5 2. b4 Bf5 3. e3 e6 4. Bb2 Nf6 5. a3 Nbd7 6. Nf3 h6 7. c4 c6 8. Nc3 Be7
9. Be2 O-O 10. O-O Ne4 11. d3 Nxc3 12. Bxc3 dxc4 13. dxc4 Bf6 14. Qb3 Bxc3 15.
Qxc3 Qf6 16. Qxf6 Nxf6 17. Nd4 Bg6 18. c5 Rfd8 19. Rfc1 Rd7 20. a4 a6 21. Bf3
Be4 22. Bxe4 Nxe4 23. f3 Ng3 24. Kf2 Nf5 25. Nxf5 exf5 26. Rd1 Rad8 27. Rxd7
Rxd7 28. Ke2 Kf8 29. g4 Rd5 30. Rc1 fxg4 31. hxg4 h5 32. gxh5 Rxh5 33. Rc4 Rh2+
34. Kd3 Ra2 35. a5 Ra3+ 36. Ke4 Ke7 37. f4 Rb3 38. Rd4 1/2-1/2

[Event "GBR-ch78"]
[Site "Eastbourne"]
[Date "1991.07.30"]
[Round "2.15"]
[White "Arkell, Keith C"]
[Black "Rogers, Jonathan"]
[Result "1/2-1/2"]
[WhiteElo "2455"]
[BlackElo "2245"]
[PlyCount "60"]
[EventDate "1991.07.29"]
[EventType "swiss"]
[EventRounds "11"]
[EventCountry "GBR"]
[SourceTitle "EXT 1997"]
[Source "ChessBase"]
[SourceDate "1996.11.15"]
[SourceVersion "1"]
[SourceVersionDate "1996.11.15"]
[SourceQuality "1"]

1. d4 f5 2. g3 Nf6 3. Bg2 e6 4. c4 Be7 5. Nc3 O-O 6. Nh3 d6 7. Nf4 Qe8 8. e4
fxe4 9. Nxe4 Nc6 10. O-O Nxe4 11. Bxe4 e5 12. dxe5 dxe5 13. Qd5+ Kh8 14. Ne6
Nb4 15. Nxc7 Qh5 16. Qd2 Bh3 17. Nxa8 Bxf1 18. Kxf1 Qxh2 19. Qe2 Nd3 20. Be3
Nxf2 21. Qxf2 Rxf2+ 22. Bxf2 Qh3+ 23. Kg1 Qc8 24. Rd1 Qxa8 25. Rd7 Qf8 26. Kg2
g6 27. Rxb7 Bc5 28. Be1 Qd6 29. Bd5 Qa6 30. Bd2 Qa4 1/2-1/2

[Event "GBR-ch78"]
[Site "Eastbourne"]
[Date "1991.07.30"]
[Round "2.17"]
[White "Ledger, Andrew"]
[Black "Hamid, Rani"]
[Result "1-0"]
[WhiteElo "2345"]
[BlackElo "2125"]
[PlyCount "77"]
[EventDate "1991.07.29"]
[EventType "swiss"]
[EventRounds "11"]
[EventCountry "GBR"]
[SourceTitle "EXT 1997"]
[Source "ChessBase"]
[SourceDate "1996.11.15"]
[SourceVersion "1"]
[SourceVersionDate "1996.11.15"]
[SourceQuality "1"]

1. Nf3 Nf6 2. g3 d5 3. Bg2 c6 4. O-O g6 5. d3 Bg7 6. Nbd2 O-O 7. e4 dxe4 8.
dxe4 Bg4 9. h3 Bxf3 10. Qxf3 Nbd7 11. Nc4 b5 12. Nd2 Qb6 13. Qe2 Rad8 14. Kh2
Nc5 15. Nb3 Ne6 16. Be3 Qc7 17. c3 h5 18. a4 h4 19. Bf3 a6 20. axb5 axb5 21.
Ra7 Qd6 22. Bb6 Qb8 23. Qe3 Rd7 24. Ra6 Kh7 25. Ba7 Qe5 26. Bd4 Qc7 27. Ra7 Qb8
28. Rxd7 Nxd7 29. Bg4 Bh6 30. Qe2 Nxd4 31. cxd4 Nf6 32. Bf3 Rd8 33. e5 Nd5 34.
Qe4 Qc7 35. Qxh4 Nb6 36. Be2 Na4 37. f4 Nxb2 38. g4 Kg7 39. g5 1-0

[Event "GBR-ch78"]
[Site "Eastbourne"]
[Date "1991.07.30"]
[Round "2.18"]
[White "Clarke, Stuart W"]
[Black "Forbes, Cathy"]
[Result "1-0"]
[WhiteElo "2335"]
[BlackElo "2140"]
[PlyCount "47"]
[EventDate "1991.07.29"]
[EventType "swiss"]
[EventRounds "11"]
[EventCountry "GBR"]
[SourceTitle "EXT 1997"]
[Source "ChessBase"]
[SourceDate "1996.11.15"]
[SourceVersion "1"]
[SourceVersionDate "1996.11.15"]
[SourceQuality "1"]

1. e4 c5 2. c3 e5 3. Nf3 Nc6 4. Bc4 h6 5. O-O Nf6 6. d4 Qc7 7. dxe5 Nxe5 8.
Nxe5 Qxe5 9. f4 Qc7 10. e5 Ng8 11. Re1 Ne7 12. Qb3 f5 13. Bf7+ Kd8 14. Na3 a6
15. Nc4 b5 16. Nd6 c4 17. Qc2 Nc6 18. Be3 Rb8 19. Rad1 Bxd6 20. exd6 Qa5 21.
Qf2 g5 22. fxg5 Ne5 23. Qxf5 Nxf7 24. Qf6+ 1-0

[Event "GBR-ch78"]
[Site "Eastbourne"]
[Date "1991.07.30"]
[Round "2.22"]
[White "Parker, Jonathan"]
[Black "Norwood, David"]
[Result "0-1"]
[WhiteElo "2335"]
[BlackElo "2500"]
[PlyCount "64"]
[EventDate "1991.07.29"]
[EventType "swiss"]
[EventRounds "11"]
[EventCountry "GBR"]
[SourceTitle "EXT 1997"]
[Source "ChessBase"]
[SourceDate "1996.11.15"]
[SourceVersion "1"]
[SourceVersionDate "1996.11.15"]
[SourceQuality "1"]

1. d4 d6 2. Nf3 Bg4 3. h3 Bxf3 4. gxf3 Nf6 5. Bg5 Nbd7 6. Nc3 e6 7. Qd2 h6 8.
Bf4 c6 9. Rg1 d5 10. e4 Qa5 11. a3 Bb4 12. Rb1 Bxc3 13. bxc3 g5 14. Bd6 dxe4
15. Rxb7 Qd5 16. Bh2 exf3 17. Qe3 c5 18. Rb2 Rc8 19. Bb5 cxd4 20. Qxd4 Ke7 21.
Rg3 Ne5 22. Qxa7+ Nfd7 23. Qd4 Rhd8 24. Rg1 Rc5 25. a4 Nf6 26. Qxd5 Rcxd5 27.
Rb1 Ne4 28. c4 Rd2 29. c5 Nc3 30. Bd3 R8xd3 31. cxd3 Re2+ 32. Kf1 Nxb1 0-1

[Event "GBR-ch78"]
[Site "Eastbourne"]
[Date "1991.07.30"]
[Round "2.23"]
[White "Mordue, A Tyson"]
[Black "Rahman, Zillur"]
[Result "0-1"]
[WhiteElo "2210"]
[BlackElo "2380"]
[PlyCount "52"]
[EventDate "1991.07.29"]
[EventType "swiss"]
[EventRounds "11"]
[EventCountry "GBR"]
[SourceTitle "EXT 1997"]
[Source "ChessBase"]
[SourceDate "1996.11.15"]
[SourceVersion "1"]
[SourceVersionDate "1996.11.15"]
[SourceQuality "1"]

1. e4 c5 2. Nf3 Nc6 3. b3 d6 4. Bb5 e5 5. Bxc6+ bxc6 6. Qe2 Ne7 7. d3 Ng6 8.
O-O Be7 9. c3 O-O 10. Be3 f5 11. Re1 f4 12. Bc1 Bg4 13. Nbd2 Nh4 14. Bb2 Rf6
15. Kh1 Rg6 16. Rg1 Qe8 17. d4 Rh6 18. Qc4+ Kh8 19. Nxh4 Bxh4 20. Nf3 Bxf2 21.
Ng5 Rxh2+ 22. Kxh2 Bg3+ 23. Kh1 Qh5+ 24. Nh3 Bxh3 25. Qf7 Qxf7 26. gxh3 Qh5 0-1

[Event "GBR-ch78"]
[Site "Eastbourne"]
[Date "1991.07.30"]
[Round "2.26"]
[White "Thipsay, Bagyashree Sathe"]
[Black "Mortazavi, Ali"]
[Result "1-0"]
[WhiteElo "2185"]
[BlackElo "2275"]
[PlyCount "79"]
[EventDate "1991.07.29"]
[EventType "swiss"]
[EventRounds "11"]
[EventCountry "GBR"]
[SourceTitle "EXT 1997"]
[Source "ChessBase"]
[SourceDate "1996.11.15"]
[SourceVersion "1"]
[SourceVersionDate "1996.11.15"]
[SourceQuality "1"]

1. e4 Nf6 2. e5 Nd5 3. d4 d6 4. Nf3 g6 5. Bc4 Nb6 6. Bb3 Bg7 7. Ng5 d5 8. f4
O-O 9. O-O f6 10. Nf3 Na6 11. Nc3 Be6 12. Ne2 c5 13. c3 Qd7 14. Ng3 cxd4 15.
cxd4 Nb4 16. Qe2 Nc6 17. h3 Rac8 18. Be3 Nc4 19. Rad1 N6a5 20. Bxc4 Nxc4 21.
Bc1 Na5 22. Nh4 fxe5 23. fxe5 Nc6 24. Be3 Rxf1+ 25. Rxf1 Nd8 26. Qd2 Nf7 27.
Ne2 Rc6 28. g4 Qc8 29. Nc3 Rc4 30. Ng2 b5 31. Nf4 Qd7 32. Nxe6 Qxe6 33. Nxb5 h5
34. Qe2 a6 35. Nc3 Nxe5 36. dxe5 d4 37. Ne4 dxe3 38. Ng5 Qc6 39. Qd3 Qc7 40.
Qxg6 1-0

[Event "GBR-ch78"]
[Site "Eastbourne"]
[Date "1991.07.30"]
[Round "2.30"]
[White "Jones, Andrew"]
[Black "Dhar Barua, Saheli"]
[Result "1-0"]
[WhiteElo "2250"]
[BlackElo "2075"]
[PlyCount "61"]
[EventDate "1991.07.29"]
[EventType "swiss"]
[EventRounds "11"]
[EventCountry "GBR"]
[SourceTitle "EXT 1997"]
[Source "ChessBase"]
[SourceDate "1996.11.15"]
[SourceVersion "1"]
[SourceVersionDate "1996.11.15"]
[SourceQuality "1"]

1. e4 e5 2. Nf3 Nc6 3. Bc4 Bc5 4. c3 Qe7 5. O-O Nf6 6. b4 Bb6 7. d3 d6 8. a4 a6
9. a5 Ba7 10. Na3 Be6 11. Re1 O-O 12. Bb3 Kh8 13. h3 h6 14. Nc4 Ng8 15. d4 exd4
16. Nxd4 Nxd4 17. cxd4 Qf6 18. Bb2 Qg5 19. Re3 Nf6 20. Nd2 Nh5 21. e5 d5 22.
Nf3 Qe7 23. Ba3 Qd8 24. b5 Re8 25. bxa6 bxa6 26. Rc3 Bb8 27. Bc1 g6 28. Bxh6
Ng7 29. Bg5 Qc8 30. Bf6 Rg8 31. Qd2 1-0

[Event "GBR-ch78"]
[Site "Eastbourne"]
[Date "1991.07.31"]
[Round "3.2"]
[White "Howell, James C"]
[Black "Barua, Dibyendu"]
[Result "1-0"]
[WhiteElo "2455"]
[BlackElo "2550"]
[PlyCount "93"]
[EventDate "1991.07.29"]
[EventType "swiss"]
[EventRounds "11"]
[EventCountry "GBR"]
[SourceTitle "EXT 1997"]
[Source "ChessBase"]
[SourceDate "1996.11.15"]
[SourceVersion "1"]
[SourceVersionDate "1996.11.15"]
[SourceQuality "1"]

1. e4 e5 2. Nf3 Nf6 3. Nxe5 d6 4. Nf3 Nxe4 5. d4 d5 6. Bd3 Bd6 7. O-O O-O 8. c4
c6 9. cxd5 cxd5 10. Nc3 Nxc3 11. bxc3 Bg4 12. h3 Bh5 13. Rb1 Nd7 14. Rb5 Nb6
15. c4 Bxf3 16. Qxf3 dxc4 17. Bc2 Qd7 18. a4 Rfe8 19. Bf5 Qc6 20. Bxh7+ Kxh7
21. Qxf7 Be5 22. Rxe5 Rxe5 23. dxe5 Re8 24. Re1 Qd7 25. Qh5+ Kg8 26. a5 Nd5 27.
Rd1 Re6 28. Qg4 Qc6 29. Qe4 Ne7 30. Rd8+ Kf7 31. Qf4+ Kg6 32. Rf8 c3 33. Qg5+
Kh7 34. Qh4+ Kg6 35. Qg3+ Kh7 36. Qh4+ Kg6 37. Qg4+ Kh7 38. Qh5+ Rh6 39. Bxh6
Qxh6 40. Qxh6+ Kxh6 41. Rf4 b5 42. axb6 axb6 43. Kf1 Kg5 44. Rg4+ Kf5 45. Ke2
g5 46. Kd3 Nd5 47. e6 1-0

[Event "GBR-ch78"]
[Site "Eastbourne"]
[Date "1991.07.31"]
[Round "3.3"]
[White "Emms, John M"]
[Black "Thipsay, Praveen Mahadeo"]
[Result "1/2-1/2"]
[WhiteElo "2425"]
[BlackElo "2490"]
[PlyCount "114"]
[EventDate "1991.07.29"]
[EventType "swiss"]
[EventRounds "11"]
[EventCountry "GBR"]
[SourceTitle "EXT 1997"]
[Source "ChessBase"]
[SourceDate "1996.11.15"]
[SourceVersion "1"]
[SourceVersionDate "1996.11.15"]
[SourceQuality "1"]

1. e4 e5 2. Nf3 Nc6 3. Bb5 a6 4. Ba4 Nf6 5. O-O Be7 6. Re1 b5 7. Bb3 d6 8. c3
O-O 9. d3 Na5 10. Bc2 c5 11. Nbd2 Re8 12. Nf1 Bf8 13. Bg5 h6 14. Bh4 Be7 15.
Ne3 Nc6 16. a4 Rb8 17. axb5 axb5 18. h3 Nh7 19. Bxe7 Qxe7 20. Bb3 Be6 21. Bd5
Qc7 22. d4 Ne7 23. Bxe6 fxe6 24. dxe5 dxe5 25. Ra6 Nc6 26. Ng4 Nf8 27. Qd2 Ng6
28. Qe3 Nd8 29. Rea1 Rb7 30. h4 Nf7 31. Ra8 Reb8 32. g3 Nf8 33. R1a6 Kh7 34. h5
Kg8 35. Kg2 Kh7 36. Nh4 Rxa8 37. Rxa8 Nd7 38. Ng6 Rb8 39. Rxb8 Nxb8 40. Qe2 c4
41. f4 exf4 42. Nf8+ Kg8 43. Nxe6 Qc6 44. Nxf4 Ng5 45. Nf2 Nd7 46. Nd5 Qe6 47.
Qe3 Qe8 48. Qd4 Ne6 49. Qd1 Ndc5 50. Nf4 Nxe4 51. Qd5 N4g5 52. Nxe6 Nxe6 53.
Ne4 Kh8 54. Nd6 Qd7 55. Qa8+ Kh7 56. Qe4+ Kh8 57. Qa8+ Kh7 1/2-1/2

[Event "GBR-ch78"]
[Site "Eastbourne"]
[Date "1991.07.31"]
[Round "3.4"]
[White "Hebden, Mark"]
[Black "McDonald, Neil R"]
[Result "1-0"]
[WhiteElo "2485"]
[BlackElo "2390"]
[PlyCount "103"]
[EventDate "1991.07.29"]
[EventType "swiss"]
[EventRounds "11"]
[EventCountry "GBR"]
[SourceTitle "EXT 1997"]
[Source "ChessBase"]
[SourceDate "1996.11.15"]
[SourceVersion "1"]
[SourceVersionDate "1996.11.15"]
[SourceQuality "1"]

1. d4 Nf6 2. Nf3 g6 3. Nc3 d5 4. Bf4 Bg7 5. e3 O-O 6. Be2 Bg4 7. Ne5 Bxe2 8.
Qxe2 c5 9. Qb5 cxd4 10. exd4 Nc6 11. Qxb7 Nxd4 12. O-O-O Rb8 13. Qxa7 Nb5 14.
Nxb5 Rxb5 15. Nc6 Qa8 16. Nxe7+ Kh8 17. Qxa8 Rxa8 18. Be5 Rxa2 19. c4 Rb7 20.
Kb1 Raxb2+ 21. Bxb2 Ne4 22. Rxd5 Nc3+ 23. Kc1 Na2+ 24. Kd1 Bxb2 25. Ra5 Bd4 26.
Rxa2 Rb1+ 27. Ke2 Rxh1 28. Nc6 Bf6 29. h3 Rc1 30. Na5 Kg7 31. Kd3 h5 32. Rc2
Rg1 33. f3 Ra1 34. Nc6 Kf8 35. c5 Ke8 36. Nb4 Kd8 37. Kc4 Kc8 38. Ra2 Rc1+ 39.
Kd5 Be7 40. Ra5 Rb1 41. Rb5 Bh4 42. Kc6 Bg3 43. Rb7 Bh4 44. Rc7+ Kd8 45. Nd5
Rb2 46. Rb7 Rxb7 47. Kxb7 Bg3 48. c6 Bd6 49. f4 h4 50. f5 Be5 51. f6 Bd6 52.
Nc3 1-0

[Event "GBR-ch78"]
[Site "Eastbourne"]
[Date "1991.07.31"]
[Round "3.5"]
[White "Wells, Peter K"]
[Black "Ward, Chris R"]
[Result "1-0"]
[WhiteElo "2465"]
[BlackElo "2435"]
[PlyCount "120"]
[EventDate "1991.07.29"]
[EventType "swiss"]
[EventRounds "11"]
[EventCountry "GBR"]
[SourceTitle "EXT 1997"]
[Source "ChessBase"]
[SourceDate "1996.11.15"]
[SourceVersion "1"]
[SourceVersionDate "1996.11.15"]
[SourceQuality "1"]

1. d4 e6 2. c4 Bb4+ 3. Nc3 f5 4. e3 Nf6 5. Bd3 Bxc3+ 6. bxc3 d6 7. Nf3 b6 8.
O-O O-O 9. Qc2 Bb7 10. d5 exd5 11. Bxf5 Qe7 12. cxd5 Bxd5 13. Ng5 h6 14. Nh3
Ne4 15. c4 Bc6 16. Bg4 Nf6 17. Be2 Be4 18. Qc3 Nbd7 19. Nf4 Qe5 20. Qxe5 Nxe5
21. Bb2 Rfe8 22. f3 Bb7 23. e4 Ba6 24. Rfc1 g5 25. Nd3 Nxd3 26. Bxd3 Nd7 27.
Kf2 Ne5 28. Be2 Bc8 29. h4 gxh4 30. Rh1 Ng6 31. g3 Kh7 32. gxh4 Nf4 33. Rag1
Re7 34. Bf1 Be6 35. Rg3 Nh5 36. Rgg1 Rf8 37. Bc1 Ref7 38. Be2 Nf4 39. Bxf4 Rxf4
40. Rg3 R8f7 41. Ke3 R4f6 42. Rhg1 Re7 43. Bd3 Rf8 44. f4 Bf5 45. Kf3 Bd7 46.
Rg6 Ref7 47. Ke3 Re7 48. e5 Bf5 49. Bxf5 Rxf5 50. e6 Rg5 51. hxg5 Kxg6 52.
gxh6+ Kf6 53. Rh1 Rxe6+ 54. Kd4 Re8 55. Kd5 Rh8 56. h7 Kg7 57. f5 a6 58. Ke6
Re8+ 59. Kd7 Rh8 60. Ke7 b5 1-0

[Event "GBR-ch78"]
[Site "Eastbourne"]
[Date "1991.07.31"]
[Round "3.6"]
[White "Collinson, Adam"]
[Black "Martin, Andrew D"]
[Result "1/2-1/2"]
[WhiteElo "2325"]
[BlackElo "2415"]
[PlyCount "35"]
[EventDate "1991.07.29"]
[EventType "swiss"]
[EventRounds "11"]
[EventCountry "GBR"]
[SourceTitle "EXT 1997"]
[Source "ChessBase"]
[SourceDate "1996.11.15"]
[SourceVersion "1"]
[SourceVersionDate "1996.11.15"]
[SourceQuality "1"]

1. e4 c5 2. Nf3 Nc6 3. Bb5 g6 4. O-O Bg7 5. Re1 e5 6. Bxc6 dxc6 7. d3 Qe7 8.
Nbd2 Nf6 9. a3 O-O 10. b4 Rd8 11. bxc5 Qxc5 12. a4 Qe7 13. Nc4 Nh5 14. Bb2 Be6
15. Ne3 Qc7 16. Bc3 Re8 17. Qc1 Rad8 18. Qb2 1/2-1/2

[Event "GBR-ch78"]
[Site "Eastbourne"]
[Date "1991.07.31"]
[Round "3.7"]
[White "Anagnostopoulos, Dimitrios"]
[Black "Rosenberg, Daniel"]
[Result "1/2-1/2"]
[WhiteElo "2395"]
[BlackElo "2230"]
[PlyCount "48"]
[EventDate "1991.07.29"]
[EventType "swiss"]
[EventRounds "11"]
[EventCountry "GBR"]
[SourceTitle "EXT 1997"]
[Source "ChessBase"]
[SourceDate "1996.11.15"]
[SourceVersion "1"]
[SourceVersionDate "1996.11.15"]
[SourceQuality "1"]

1. d4 g6 2. e4 Bg7 3. Nc3 d6 4. f4 Nf6 5. Nf3 O-O 6. Bd3 Na6 7. O-O c5 8. d5
Rb8 9. Qe1 Nb4 10. Qh4 c4 11. a3 Nbxd5 12. Nxd5 cxd3 13. Nxf6+ exf6 14. cxd3 f5
15. Qf2 Qb6 16. Be3 Qxb2 17. Bxa7 Qxf2+ 18. Kxf2 Ra8 19. Bd4 Bxd4+ 20. Nxd4
fxe4 21. dxe4 Re8 22. Rfe1 Bd7 23. Re3 Ra4 24. Rd1 Bc6 1/2-1/2

[Event "GBR-ch78"]
[Site "Eastbourne"]
[Date "1991.07.31"]
[Round "3.8"]
[White "Parr, Frank"]
[Black "Mishra, Neeraj Kumar"]
[Result "0-1"]
[WhiteElo "2315"]
[BlackElo "2375"]
[PlyCount "56"]
[EventDate "1991.07.29"]
[EventType "swiss"]
[EventRounds "11"]
[EventCountry "GBR"]
[SourceTitle "EXT 1997"]
[Source "ChessBase"]
[SourceDate "1996.11.15"]
[SourceVersion "1"]
[SourceVersionDate "1996.11.15"]
[SourceQuality "1"]

1. f4 g6 2. Nf3 Bg7 3. d3 d5 4. c3 Nf6 5. e3 O-O 6. Be2 c5 7. O-O Nc6 8. Qe1 d4
9. e4 c4 10. e5 cxd3 11. Bxd3 dxc3 12. Qxc3 Qb6+ 13. Kh1 Ng4 14. Qe1 Nb4 15.
Be4 f5 16. exf6 exf6 17. Nc3 Re8 18. h3 Nd3 19. Bd5+ Be6 20. Qh4 Ndf2+ 21. Kg1
Nxh3+ 22. Kh1 Nhf2+ 23. Kg1 Ne4+ 24. Kh1 Bxd5 25. Nxd5 Qb5 26. Ne3 f5 27. Kg1
Qb6 28. Qe1 Rac8 0-1

[Event "GBR-ch78"]
[Site "Eastbourne"]
[Date "1991.07.31"]
[Round "3.9"]
[White "Cooper, John Grantley"]
[Black "Lalic, Susan"]
[Result "1/2-1/2"]
[WhiteElo "2370"]
[BlackElo "2275"]
[PlyCount "36"]
[EventDate "1991.07.29"]
[EventType "swiss"]
[EventRounds "11"]
[EventCountry "GBR"]
[SourceTitle "EXT 1997"]
[Source "ChessBase"]
[SourceDate "1996.11.15"]
[SourceVersion "1"]
[SourceVersionDate "1996.11.15"]
[SourceQuality "1"]

1. d4 Nf6 2. c4 e6 3. Nc3 Bb4 4. Bg5 c5 5. d5 exd5 6. cxd5 d6 7. e3 Nbd7 8. Bd3
Qa5 9. Nge2 Nxd5 10. O-O Bxc3 11. bxc3 h6 12. Bh4 Nxc3 13. Nxc3 Qxc3 14. Be2
O-O 15. Be7 Re8 16. Qxd6 c4 17. Rfc1 Qe5 18. Qxe5 Nxe5 1/2-1/2

[Event "GBR-ch78"]
[Site "Eastbourne"]
[Date "1991.07.31"]
[Round "3.11"]
[White "Britton, Richard"]
[Black "Ledger, Andrew"]
[Result "1-0"]
[WhiteElo "2255"]
[BlackElo "2345"]
[PlyCount "37"]
[EventDate "1991.07.29"]
[EventType "swiss"]
[EventRounds "11"]
[EventCountry "GBR"]
[SourceTitle "EXT 1997"]
[Source "ChessBase"]
[SourceDate "1996.11.15"]
[SourceVersion "1"]
[SourceVersionDate "1996.11.15"]
[SourceQuality "1"]

1. e4 c6 2. d4 d5 3. Nc3 dxe4 4. Nxe4 Nd7 5. Bd3 Ngf6 6. Ng5 e6 7. N1f3 Be7 8.
Qe2 O-O 9. O-O Nb6 10. c4 c5 11. dxc5 Bxc5 12. b3 Nbd7 13. Bb2 b6 14. Nxh7 Nxh7
15. Bxh7+ Kxh7 16. Qe4+ f5 17. Qxa8 Nf6 18. Qxa7 Qe8 19. Qc7 1-0

[Event "GBR-ch78"]
[Site "Eastbourne"]
[Date "1991.07.31"]
[Round "3.12"]
[White "Rahman, Zillur"]
[Black "Clarke, Stuart W"]
[Result "1/2-1/2"]
[WhiteElo "2380"]
[BlackElo "2335"]
[PlyCount "42"]
[EventDate "1991.07.29"]
[EventType "swiss"]
[EventRounds "11"]
[EventCountry "GBR"]
[SourceTitle "EXT 1997"]
[Source "ChessBase"]
[SourceDate "1996.11.15"]
[SourceVersion "1"]
[SourceVersionDate "1996.11.15"]
[SourceQuality "1"]

1. g3 Nf6 2. Bg2 d5 3. Nf3 c6 4. O-O Bg4 5. c4 Nbd7 6. cxd5 cxd5 7. d4 e6 8.
Bf4 Be7 9. Nc3 O-O 10. Rc1 Rc8 11. Ne5 Bf5 12. Qb3 Qb6 13. Nxd7 Nxd7 14. Qxb6
Nxb6 15. Nb5 a6 16. Bd6 axb5 17. Bxe7 Rfe8 18. Bb4 Rc4 19. Rxc4 bxc4 20. Rc1
Ra8 21. a3 Na4 1/2-1/2